<?xml version="1.0" encoding="UTF-8"?>
<collection xmlns="http://www.loc.gov/MARC21/slim">
 <record>
  <leader>00965nam a2200241 a 4500</leader>
  <controlfield tag="001">11881869</controlfield>
  <controlfield tag="008">090702s2000    nyua     b    001 0 eng d</controlfield>
  <datafield tag="010" ind1=" " ind2=" ">
   <subfield code="a">   00020333 </subfield>
  </datafield>
  <datafield tag="020" ind1=" " ind2=" ">
   <subfield code="a">0517704625 (hc.)</subfield>
  </datafield>
  <datafield tag="040" ind1=" " ind2=" ">
   <subfield code="a">DLC</subfield>
   <subfield code="c">DLC</subfield>
   <subfield code="d">DLC</subfield>
  </datafield>
  <datafield tag="082" ind1="0" ind2="0">
   <subfield code="a">728/.37/0913</subfield>
   <subfield code="2">21</subfield>
  </datafield>
  <datafield tag="100" ind1="1" ind2=" ">
   <subfield code="a">Street-Porter, Tim.</subfield>
  </datafield>
  <datafield tag="245" ind1="1" ind2="0">
   <subfield code="a">Tropical houses :</subfield>
   <subfield code="b">living in nature in Jamaica, Sri Lanka, Java, Bali, and the coasts of Mexico and Belize /</subfield>
   <subfield code="c">Tim Street-Porter.</subfield>
  </datafield>
  <datafield tag="250" ind1=" " ind2=" ">
   <subfield code="a">1st ed.</subfield>
  </datafield>
  <datafield tag="260" ind1=" " ind2=" ">
   <subfield code="a">New York :</subfield>
   <subfield code="b">Clarkson Potter,</subfield>
   <subfield code="c">c2000.</subfield>
  </datafield>
  <datafield tag="300" ind1=" " ind2=" ">
   <subfield code="a">252 p. :</subfield>
   <subfield code="b">col. ill. ;</subfield>
   <subfield code="c">29 cm.</subfield>
  </datafield>
  <datafield tag="504" ind1=" " ind2=" ">
   <subfield code="a">Includes bibliographical references (p. 250) and index.</subfield>
  </datafield>
  <datafield tag="541" ind1="1" ind2=" ">
   <subfield code="e">00013769</subfield>
  </datafield>
  <datafield tag="650" ind1=" " ind2="0">
   <subfield code="a">Architecture, Domestic.</subfield>
  </datafield>
  <datafield tag="650" ind1=" " ind2="0">
   <subfield code="a">Architecture, Tropical.</subfield>
  </datafield>
  <datafield tag="852" ind1="4" ind2=" ">
   <subfield code="a">Ayesha Abed Library </subfield>
   <subfield code="j">General Shelf.</subfield>
  </datafield>
  <datafield tag="999" ind1=" " ind2=" ">
   <subfield code="c">1979</subfield>
   <subfield code="d">1979</subfield>
  </datafield>
  <datafield tag="952" ind1=" " ind2=" ">
   <subfield code="0">0</subfield>
   <subfield code="1">0</subfield>
   <subfield code="2">ddc</subfield>
   <subfield code="4">0</subfield>
   <subfield code="6">728_370913000000000_STR_2000</subfield>
   <subfield code="7">0</subfield>
   <subfield code="9">1816</subfield>
   <subfield code="a">BRACUL</subfield>
   <subfield code="b">BRACUL</subfield>
   <subfield code="c">GEN</subfield>
   <subfield code="d">2009-07-02</subfield>
   <subfield code="l">5</subfield>
   <subfield code="m">12</subfield>
   <subfield code="o">728.370913 STR</subfield>
   <subfield code="p">3010013769</subfield>
   <subfield code="r">2015-05-10</subfield>
   <subfield code="s">2015-01-18</subfield>
   <subfield code="t">1</subfield>
   <subfield code="w">2009-07-02</subfield>
   <subfield code="y">BK</subfield>
  </datafield>
 </record>
</collection>
